Regional Security and Regional Cooperation; (Record no. 9952)

MARC details
000 -LEADER
fixed length control field 00450nam a22001457a 4500
008 - FIXED-LENGTH DATA ELEMENTS--GENERAL INFORMATION
fixed length control field 240806b |||||||| |||| 00| 0 eng d
020 ## - INTERNATIONAL STANDARD BOOK NUMBER
International Standard Book Number 9798177080727
082 ## - DEWEY DECIMAL CLASSIFICATION NUMBER
Classification number 382.915 CHH
100 ## - MAIN ENTRY--PERSONAL NAME
Personal name Chhibber, Bharti
245 ## - TITLE STATEMENT
Title Regional Security and Regional Cooperation;
Remainder of title A comparative study of ASEAN and SAARC
260 ## - PUBLICATION, DISTRIBUTION, ETC.
Place of publication, distribution, etc. New Delhi;
Name of publisher, distributor, etc. New Century Publications, India
Date of publication, distribution, etc. 2004
300 ## - PHYSICAL DESCRIPTION
Extent xii, 486 p.;
Dimensions 22Cm.
942 ## - Added entry Elements (Koha)
Source of classification or shelving scheme Dewey Decimal Classification
Holdings
Withdrawn status Lost status Source of classification or shelving scheme Damaged status Not for loan Collection code Home library Current library Shelving location Date acquired Serial Enumeration / chronology Total Checkouts Full call number Barcode Date last seen Price effective from Koha item type
    Dewey Decimal Classification     Main TEST RTC Library RTC Library Main opac 06/08/2024 18455   382.915 CHH 30019429 06/08/2024 06/08/2024 Main
Royal Thimphu College || All Right Reserved